Text Book Of Power Plant Engineering/ (Record no. 28398)

MARC details
000 -LEADER
fixed length control field 00765nam a22002057a 4500
008 - FIXED-LENGTH DATA ELEMENTS--GENERAL INFORMATION
fixed length control field 090718t xxu||||| |||| 00| 0 eng d
010 ## - LCCN (DPL NO)
LC control number B-295874
035 ## - SYSTEM CONTROL NUMBER
System control number B-295874
037 ## - SOURCE OF ACQUISITION
Stock number UBH
Source of stock number/acquisition RP/CL/E;8/ENG/13.09.08/30.09.08
040 ## - CATALOGING SOURCE
Original cataloging agency dpl
Language of cataloging eng
082 ## - DEWEY DECIMAL CLASSIFICATION NUMBER
Classification number 621.312
100 ## - MAIN ENTRY--PERSONAL NAME
Personal name Rajput,R.K.
245 ## - TITLE STATEMENT
Title Text Book Of Power Plant Engineering/
Statement of responsibility, etc by R.K.Rajput
260 ## - PUBLICATION, DISTRIBUTION, ETC. (IMPRINT)
Place of publication, distribution, etc New Delhi
Name of publisher, distributor, etc Laxmi Publications
270 ## - ADDRESS
City New Delhi
300 ## - PHYSICAL DESCRIPTION
Extent xxv,1065pg
Dimensions 26cm
942 ## - ADDED ENTRY ELEMENTS (KOHA)
Source of classification or shelving scheme Dewey Decimal Classification
Item type English Books
Classification part 621.312
Call number suffix RAJ
Holdings
Withdrawn status Lost status Source of classification or shelving scheme Damaged status Not for loan Home library Current library Date acquired Source of acquisition Cost, normal purchase price Total Checkouts Full call number Barcode Date last seen Cost, replacement price Koha item type
    Dewey Decimal Classification     Central Library Central Library 30/09/2008 RP/CL/UBH 425.00   621.312 RAJ B-295874 18/07/2009 425.00 English Books

© Delhi Public Library
Hit Counter
free hit counter